Higher engineering mathematics / (Record no. 180275)

000 -LEADER
fixed length control field 00862 a2200217 4500
003 - CONTROL NUMBER IDENTIFIER
control field NUST
005 - DATE AND TIME OF LATEST TRANSACTION
control field 20230811095339.0
010 ## - LIBRARY OF CONGRESS CONTROL NUMBER
LC control number 2006929704
040 ## - CATALOGING SOURCE
Transcribing agency Nust
082 00 - DEWEY DECIMAL CLASSIFICATION NUMBER
Classification number 510.20,GRE
100 1# - MAIN ENTRY--PERSONAL NAME
Personal name Grewal, B. S.
9 (RLIN) 102325
245 10 - TITLE STATEMENT
Title Higher engineering mathematics /
Statement of responsibility, etc. B. S. Grewal and J. S. Grewal
250 ## - EDITION STATEMENT
Edition statement 39th ed.
260 ## - PUBLICATION, DISTRIBUTION, ETC.
Place of publication, distribution, etc. Oxford ;
-- New Delhi
Name of publisher, distributor, etc. Khanna
Date of publication, distribution, etc. 2005.
300 ## - PHYSICAL DESCRIPTION
Extent xi, 1276 p. ;
Other physical details ill. ;
Dimensions 25 cm.
505 ## - FORMATTED CONTENTS NOTE
Formatted contents note .Algebra and geometry (Page-1), Calculus(Page-132), Series(Page-344), Differential equations (Page-394), Complex analysis and transforms(Page-592), Numerical techniques(Page-733), Special topics (Page-1052).
650 #0 - SUBJECT ADDED ENTRY--TOPICAL TERM
Topical term or geographic name entry element Engineering mathematics.
700 ## - ADDED ENTRY--PERSONAL NAME
Personal name Grewal, J. S.
9 (RLIN) 102326
856 42 - ELECTRONIC LOCATION AND ACCESS
Materials specified Publisher description
Uniform Resource Identifier <a href="http://www.loc.gov/catdir/enhancements/fy0833/2006929704-d.html">http://www.loc.gov/catdir/enhancements/fy0833/2006929704-d.html</a>
942 ## - ADDED ENTRY ELEMENTS (KOHA)
Source of classification or shelving scheme
Koha item type Book
Call number prefix 510.20,GRE
Holdings
Withdrawn status Lost status Source of classification or shelving scheme Damaged status Not for loan Permanent Location Current Location Shelving location Date acquired Full call number Barcode Date last seen Price effective from Koha item type Public note Total Checkouts
          Military College of Signals (MCS) Military College of Signals (MCS) Text Books 12/12/2016 510.20,GRE MCS33821 12/08/2016 12/12/2016 Book Bank Almirah No.122, Shelf No.5  
          Military College of Signals (MCS) Military College of Signals (MCS) Text Books 12/12/2016 510.20,GRE MCS33822 12/08/2016 12/12/2016 Book Almirah No.78, Shelf No.3  
          Military College of Signals (MCS) Military College of Signals (MCS) Text Books 12/12/2016 510.20,GRE MCS33823 12/08/2016 12/12/2016 Book Almirah No.78, Shelf No.3  
          Military College of Signals (MCS) Military College of Signals (MCS) Text Books 12/12/2016 510.20,GRE MCS33824 12/08/2016 12/12/2016 Book Almirah No.78, Shelf No.3  
          Military College of Signals (MCS) Military College of Signals (MCS) Text Books 12/12/2016 510.20,GRE MCS33825 12/08/2016 12/12/2016 Book Almirah No.78, Shelf No.3  
          Military College of Signals (MCS) Military College of Signals (MCS) Text Books 12/12/2016 510.20,GRE MCS33826 12/08/2016 12/12/2016 Book Almirah No.78, Shelf No.3  
          Military College of Signals (MCS) Military College of Signals (MCS) Text Books 12/12/2016 510.20,GRE MCS33827 12/08/2016 12/12/2016 Book Almirah No.10, Shelf No.3  
          Military College of Signals (MCS) Military College of Signals (MCS) General Stacks 11/03/2022 510.20,GRE MCS33828 11/03/2022 11/03/2022 Book Almirah No.10, Shelf No.3  
          Military College of Signals (MCS) Military College of Signals (MCS) Text Books 08/11/2023 510.20,GRE MCS33834 08/11/2023 08/11/2023 Book Almirah No.78, Shelf No.3  
          Military College of Signals (MCS) Military College of Signals (MCS) Text Books 08/11/2023 510.20,GRE MCS33830 08/11/2023 08/11/2023 Book Almirah No.78, Shelf No.3  
          Military College of Signals (MCS) Military College of Signals (MCS) Text Books 08/11/2023 510.20,GRE MCS33832 08/11/2023 08/11/2023 Book Almirah No.78, Shelf No.3  
          Military College of Signals (MCS) Military College of Signals (MCS) Text Books 08/11/2023 510.20,GRE MCS33833 08/11/2023 08/11/2023 Book Almirah No.78, Shelf No.3  
          Military College of Signals (MCS) Military College of Signals (MCS) Text Books 08/11/2023 510.20,GRE MCS33829 08/11/2023 08/11/2023 Book Almirah No.78, Shelf No.3  
          Military College of Signals (MCS) Military College of Signals (MCS) General Stacks 08/11/2023 510.20,GRE MCS33831 08/11/2023 08/11/2023 Book    
© 2023 Central Library, National University of Sciences and Technology. All Rights Reserved.